| 000 -LEADER |
| fixed length control field |
00870nam a2200277 i 4500 |
| 001 - CONTROL NUMBER |
| control field |
2851 |
| 003 - CONTROL NUMBER IDENTIFIER |
| control field |
BD-DhUAP |
| 005 - DATE AND TIME OF LATEST TRANSACTION |
| control field |
20210130100952.0 |
| 008 - FIXED-LENGTH DATA ELEMENTS--GENERAL INFORMATION |
| fixed length control field |
200225s2013 ctuab b 001 0 eng |
| 020 ## - INTERNATIONAL STANDARD BOOK NUMBER |
| International Standard Book Number |
0500278288 |
| 040 ## - CATALOGING SOURCE |
| Original cataloging agency |
BD-DhUAP |
| Language of cataloging |
Eng |
| Transcribing agency |
BD-DhUAP |
| Modifying agency |
BD-DhUAP |
| 082 00 - DEWEY DECIMAL CLASSIFICATION NUMBER |
| Classification number |
709.04 OLI |
| Edition number |
23 |
| 100 ## - MAIN ENTRY--PERSONAL NAME |
| Personal name |
Oliveira, Nicolas De. |
| 245 ## - TITLE STATEMENT |
| Title |
Installation art / |
| Statement of responsibility, etc. |
Nicolas De Oliveira, Nicola Oxley and Michael Petry ; Michael Archer. |
| 250 ## - EDITION STATEMENT |
| Edition statement |
1st ed. |
| 260 ## - PUBLICATION, DISTRIBUTION, ETC. |
| Place of publication, distribution, etc. |
London : |
| Name of publisher, distributor, etc. |
Thames & Hudson, |
| Date of publication, distribution, etc. |
c1996 [Reprinted 2000]. |
| 300 ## - PHYSICAL DESCRIPTION |
| Extent |
208 pages : |
| Other physical details |
illustrations ; |
| Dimensions |
28 cm |
| 504 ## - BIBLIOGRAPHY, ETC. NOTE |
| Bibliography, etc. note |
Includes bibliographical references and index. |
| 650 ## - SUBJECT ADDED ENTRY--TOPICAL TERM |
| Topical term or geographic name entry element |
Installations (Art) Art, Modern -- 20th century. |
| 650 ## - SUBJECT ADDED ENTRY--TOPICAL TERM |
| Topical term or geographic name entry element |
Art, Modern. |
| 700 ## - ADDED ENTRY--PERSONAL NAME |
| Personal name |
Oxley, Nicola |
| 700 ## - ADDED ENTRY--PERSONAL NAME |
| Personal name |
Petry, Michael |
| 700 ## - ADDED ENTRY--PERSONAL NAME |
| Personal name |
Archer, Michael |
| 942 ## - ADDED ENTRY ELEMENTS (KOHA) |
| Source of classification or shelving scheme |
|
| Koha item type |
Book |